Countries by a Single Word #3 - Statistics

General Stats
  • This quiz has been taken 51 times
    26 since last reset
  • The average score is 8 of 14
Answer Stats
Word Country % Correct
Greenland Denmark
90%
Castro Cuba
81%
Holland Netherlands
81%
Khan Mongolia
76%
Persia Iran
71%
Yugoslavia Serbia
67%
Columbus Spain
67%
Pirates Somalia
57%
Lagos Nigeria
52%
Babylon Iraq
48%
Taekwando South Korea
48%
Galapagos Ecuador
38%
Semi-Conductors Taiwan
29%
AK-47 Mozambique
24%
No matching quizzes found
Score Distribution
Percent of People with Each Score
Percentile by Number Answered
Your Score History
You have not taken this quiz since the last reset